000 00435cam a22001337a 4500
008 180718b2004 xxu||||| |||| 00| 0 eng d
082 _aA81x54 01/12F
100 _aCensus of India 2001
245 _aSikkim: final population totals (state, district, sub-division and towns)
260 _aDelhi
_bThe Controller of Publications
_c2004
300 _a5+p.
440 _aCensus of India 2001. Series-12, Sikkim
650 _aSikkim - Census
999 _c482504
_d482504